Economía para no economistas /

Guardado en:
Autor Principal: Bergara, Mario
Formato: Libro
Publicado: Montevideo : Universidad Nacional de Montevideo. Facultad de Ciencias Sociales. Departamento de Economía, 2003
Edición:2
Materias:
Etiquetas: Agregar Etiqueta
Sin Etiquetas, Sea el primero en etiquetar este registro!
LEADER 00871nam a22003015a 4500
001 CEM.cems014143
008 130507s2003##################000#0#####d
005 20210804182607.0
003 CEMS
245 1 0 |a Economía para no economistas /  |c Mario Bergara y Otros ... 
250 |a 2 
260 |a Montevideo :  |b Universidad Nacional de Montevideo. Facultad de Ciencias Sociales. Departamento de Economía,  |c 2003 
300 |a 353 p. 
590 |a 1196.013 
020 |a 9974001048 
100 1 |a Bergara, Mario 
653 |a Economía 
653 |a Microeconomía 
653 |a Macroeconomía 
653 |a Empresas 
653 |a Consumidor 
653 |a Productor 
653 |a Mercado de bienes 
653 |a Monopolio 
653 |a Política monetaria 
653 |a Sector público 
653 |a Biblioteca TC 
859 |a CEMS  |b BIB. CEMS - 11 de abril  |h TC  |p 1196.013  |t Ej.1